| 000 | 00754nam0a22002411 4500 | ||
|---|---|---|---|
| 001 | rc\2881928 | ||
| 005 | 20250529213732.0 | ||
| 035 | _a(NLR Aleph) 007034717 | ||
| 090 |
_a6038305 _c6038305 |
||
| 100 | _a20110720d1929 |||y0rusy50 ca | ||
| 101 | 0 | _arus | |
| 102 | _aRU | ||
| 105 | _ay z ||||| | ||
| 200 | 1 | _aКечкеметский турнир и теория дебютов | |
| 210 |
_a[Москва] _cБ. и. _d[1929] |
||
| 215 | _aС. 181-246 | ||
| 300 | _aВ кн.: Международный шахматный турнир в Кечкемете 1927. М., 1929. с. 181-246 | ||
| 700 | 1 |
_aКмох _bГ. _f1894-1973 _gГанс |
|
| 801 | 0 |
_aRU _bNLR _gpsbo |
|
| 801 | 1 |
_aRU _bELAR _2rusmarc |
|
| 852 |
_aNLR _j79/236 |
||
| 942 | _cBOOK | ||
| 980 | _aNB | ||